000 00276nam a2200109Ia 4500
008 220204s9999 xx 000 0 und d
082 _a033
_bEIN
100 _aEINZIG, Paul
245 0 _aCase against joining the common market
260 _aLondon
_bMacmillan
_c1971
942 _cBK
999 _c31796
_d31796